Directory of research grants. (Record no. 10426)

MARC details
000 -LEADER
fixed length control field 03095nam a2200685 4500
001 - CONTROL NUMBER
control field 000
005 - DATE AND TIME OF LATEST TRANSACTION
control field 20150618145230.0
007 - PHYSICAL DESCRIPTION FIXED FIELD--GENERAL INFORMATION
fixed length control field 000
008 - FIXED-LENGTH DATA ELEMENTS--GENERAL INFORMATION
fixed length control field 000
010 ## - LIBRARY OF CONGRESS CONTROL NUMBER
LC control number 76047074
016 7# - NATIONAL BIBLIOGRAPHIC AGENCY CONTROL NUMBER
Record control number 7706014
Source DNLM
Record control number D15320000
Canceled or invalid record control number D19930000
Source DNLM
Record control number 007170126
Source Uk
022 ## - INTERNATIONAL STANDARD SERIAL NUMBER
International Standard Serial Number 0146-7336
Source 1
035 ## - SYSTEM CONTROL NUMBER
System control number (OCoLC)ocm02341825
037 ## - SOURCE OF ACQUISITION
Source of stock number/acquisition Oryx Press, 4041 North Central at Indian School Rd., Phoenix, AZ 85012-3397
040 ## - CATALOGING SOURCE
Original cataloging agency UOEL
Language of cataloging eng
Transcribing agency DI
Modifying agency NSDP
-- DLC
-- OCoLC
-- DLC
-- NSDP
-- NST
-- DLC
-- NST
-- OCoLC
-- NST
-- OCoLC
-- NST
-- InU
-- NST
-- OCoLC
-- MH
-- NST
-- OCoLC
-- MH
-- InU
-- NST
-- MH
-- OCoLC
-- DNAL
-- InU
-- MH
-- GU
-- DNLM
-- OCoLC
-- CSdS
-- CaQQL
-- TNJ
-- MtU
-- DLC
-- MH
-- CU-M
-- OCoLC
-- UKMGB
-- OCoLC
-- OCLCF
-- YDXCP
-- OCoLC
042 ## - AUTHENTICATION CODE
Authentication code nsdp
-- pcc
043 ## - GEOGRAPHIC AREA CODE
Geographic area code n-us---
050 00 - LIBRARY OF CONGRESS CALL NUMBER
Classification number REF Q180.A1
Item number .D7
082 04 - DEWEY DECIMAL CLASSIFICATION NUMBER
Classification number 001.4/4/02573
222 #0 - KEY TITLE
Key title Directory of research grants
245 00 - TITLE STATEMENT
Title Directory of research grants.
246 13 - VARYING FORM OF TITLE
Title proper/short title DRG
Date or sequential designation 1981-<86>
260 ## - PUBLICATION, DISTRIBUTION, ETC. (IMPRINT)
Place of publication, distribution, etc [Phoenix, Ariz., etc.]
Name of publisher, distributor, etc Oryx Press.
300 ## - PHYSICAL DESCRIPTION
Extent volumes
Dimensions 29 cm
310 ## - CURRENT PUBLICATION FREQUENCY
Current publication frequency Annual
362 1# - DATES OF PUBLICATION AND/OR SEQUENTIAL DESIGNATION
Dates of publication and/or sequential designation Began with 1975.
500 ## - GENERAL NOTE
General note Publisher varies.
504 ## - BIBLIOGRAPHY, ETC. NOTE
Bibliography, etc Includes bibliographical references.
515 ## - NUMBERING PECULIARITIES NOTE
Numbering peculiarities note Vols. <2004-> called also: 29th edition.
520 8# - SUMMARY, ETC.
Summary, etc Intended for anyone seeking support for research projects. Entries arranged under broad topics, e.g., dentistry, economics, and medical research. Each entry gives descriptive information concerning amount, purpose, and application. Indexes by grant names, organizations, and subjects.
530 ## - ADDITIONAL PHYSICAL FORM AVAILABLE NOTE
Additional physical form available note Also issued online.
580 ## - LINKING ENTRY COMPLEXITY NOTE
Linking entry complexity note Issued also as a part of Grants database.
590 ## - LOCAL NOTE (RLIN)
Local note SERBIB/SERLOC merged record
650 #0 - SUBJECT ADDED ENTRY--TOPICAL TERM
Topical term or geographic name as entry element Scholarships
Geographic subdivision United States
Form subdivision Directories.
Topical term or geographic name as entry element Research grants
Geographic subdivision United States
Form subdivision Directories.
Topical term or geographic name as entry element Research Support
Form subdivision Directory.
Topical term or geographic name as entry element Training Support
Form subdivision Directory.
Topical term or geographic name as entry element Bourses d'études
Geographic subdivision États-Unis
Form subdivision Répertoires.
Topical term or geographic name as entry element Bourses de recherche
Geographic subdivision États-Unis
Form subdivision Répertoires.
Topical term or geographic name as entry element Research grants.
Source of heading or term fast
Topical term or geographic name as entry element Scholarships.
Source of heading or term fast
651 #7 - SUBJECT ADDED ENTRY--GEOGRAPHIC NAME
Geographic name United States.
Source of heading or term fast
655 #7 - INDEX TERM--GENRE/FORM
Genre/form data or focus term Directories.
Source of term fast
776 08 - ADDITIONAL PHYSICAL FORM ENTRY
Display text Online version:
Title Directory of research grants
Record control number (OCoLC)559062834
Display text Online version:
Title Directory of research grants
Record control number (OCoLC)607775121
787 1# - NONSPECIFIC RELATIONSHIP ENTRY
Title Grants database
Record control number (DLC)sn 95015051
-- (OCoLC)31061608
906 ## - LOCAL DATA ELEMENT F, LDF (RLIN)
a 7
b cbc
c serials
d 2
e ncip
f 19
g n-oclcserc
936 ## - OCLC/CONSER MISCELLANEOUS DATA (OCLC); PIECE USED FOR CATALOGING (pre-AACR2) (RLIN)
OCLC control number(s) of parallel record(s) (OCLC); Piece used for cataloging, PUC (RLIN) Unknown
-- 1986
942 ## - ADDED ENTRY ELEMENTS (KOHA)
Source of classification or shelving scheme Library of Congress Classification
Item type Reference
Holdings
Withdrawn status Lost status Source of classification or shelving scheme Damaged status Not for loan Home library Current library Shelving location Date acquired Total Checkouts Full call number Barcode Date last seen Copy number Price effective from Koha item type
    Library of Congress Classification     UOE Main Library UOE Main Library Reference 18/06/2015   REF Q180.A1 .D7 844858 18/06/2015 844858 18/06/2015 Reference